Managing Indonesia's transformation : an oral history.
| Main Author: | |
|---|---|
| Format: | Book |
| Published: |
Singapore:
World Scientific Publishing,
2013.
|
| Subjects: |
| LEADER | 00538cam a2200169 7i4500 | ||
|---|---|---|---|
| 001 | 0000030990 | ||
| 005 | 20140819090000.0 | ||
| 020 | 0 | 0 | |a 9789814405386 |
| 090 | 0 | 0 | |a INDO 959.8 |b KAR |
| 100 | 1 | 0 | |a Kartasasmita |
| 245 | 1 | 0 | |a Managing Indonesia's transformation : |b an oral history. |
| 260 | 0 | 0 | |a Singapore: |b World Scientific Publishing, |c 2013. |
| 300 | # | # | |a 490 p. |
| 650 | 0 | 0 | |a Indonesia -- |x Politics and government |
| 650 | 0 | 0 | |a Indonesia -- |x Economic policy |
| 651 | 0 | 0 | |a Indonesia |
| 999 | |a B000034269 |b Book |c Countries |e Business Information Centre | ||


